000 00644nam a2200241Ia 4500
003 OSt
005 20220925220522.0
006 a|||||r|||| 00| 0
007 ta
008 220923b |||||||| |||| 00| 0 eng d
037 _cGeneral Book
040 _aRTL
_cRTL
_beng
041 _2eng
_aeng
082 _aX6xM83:g, M8
100 _aCarabelli Anna M
_9284964
245 0 _aOn keynes's method
260 _aLondon
_bMacmillan
_c1988
300 _axi,369p
_ccm.
500 _aBibliography P 305-42
650 _aKeynes
_9231657
942 _hX6xM83:g, M8
_cGB
_2CC
999 _c571715
_d571715